List of IMF Member Countries with Delays in Completion of Article IV Consultations or Mandatory Financial Stability Assessments Over 18 Months.

June 2022 List of IMF Member Countries with Delays in Completion of Article IV Consultations or Mandatory Financial Stability Assessments Over 18 Months.

التفاصيل البيبلوغرافية
مؤلف مشترك: International Monetary Fund
التنسيق: دورية
اللغة:English
منشور في: Washington, D.C. : International Monetary Fund, 2022.
سلاسل:Policy Papers; Policy Paper ; No. 2022/030
الموضوعات:
الوصول للمادة أونلاين:Full text available on IMF
LEADER 01386cas a2200277 a 4500
001 AALejournalIMF023099
008 230101c9999 xx r poo 0 0eng d
020 |c 5.00 USD 
020 |z 9798400213960 
022 |a 2663-3493 
040 |a BD-DhAAL  |c BD-DhAAL 
110 2 |a International Monetary Fund. 
245 1 0 |a List of IMF Member Countries with Delays in Completion of Article IV Consultations or Mandatory Financial Stability Assessments Over 18 Months. 
264 1 |a Washington, D.C. :  |b International Monetary Fund,  |c 2022. 
300 |a 1 online resource (3 pages) 
490 1 |a Policy Papers 
500 |a <strong>Off-Campus Access:</strong> No User ID or Password Required 
500 |a <strong>On-Campus Access:</strong> No User ID or Password Required 
506 |a Electronic access restricted to authorized BRAC University faculty, staff and students 
520 3 |a June 2022 List of IMF Member Countries with Delays in Completion of Article IV Consultations or Mandatory Financial Stability Assessments Over 18 Months. 
538 |a Mode of access: Internet 
650 7 |a General Financial Markets  |2 imf 
650 7 |a Monetary Policy  |2 imf 
650 7 |a Political Economy  |2 imf 
830 0 |a Policy Papers; Policy Paper ;  |v No. 2022/030 
856 4 0 |z Full text available on IMF  |u https://elibrary.imf.org/openurl?genre=journal&issn=2663-3493&volume=2022&issue=030  |z IMF e-Library